Piet Mondrian

Bibliographic Details
Main Author: Düchting, Hajo, 1949-2017 (Author)
Format: Book
Language:English
Czech
Greek, Modern (1453- )
Polish
Romanian, Moldovan
Slovak
PhysicalDescription:210 s. ilustr., mapy 19 x 19 cm
Published: Bratislava Slovart c 2016
ISBN:9783741919312
Subjects:

MARC

LEADER 00000cam a2200000 a 4500
001 vtls011708080
003 SK-MaSNL
005 20260302053433.0
008 240314s2016 xo ab g 000 0beng
015 |a SNBA2017/09 
020 |a 9783741919312  |q (viaz.) 
035 |a urn:nbn:sk:snk-am00dg3o 
035 |a urn:nbn:sk:snk-am3i13u 
035 |a F639B2A1-200F-439F-90AA-DBF6428EC201 
040 |a SNK  |b slo  |c SNK  |e AACR2 
041 0 |a eng  |a cze  |a gre  |a pol  |a rum  |a slo 
043 |a e-ne--- 
044 |a xo  |c SK 
072 7 |a 75  |x Maliarstvo  |2 konspekt 
072 7 |a 929  |x Biografie  |2 konspekt 
080 |a 75.071.1  |2 2011 
080 |a 72/76  |2 2011 
080 |a 75.038  |2 2001 
080 |a 7.038.1  |2 2011 
080 |a (492)  |2 2011 
080 |a (092)  |2 2011 
080 |a (084.11)  |2 2011 
100 1 |a Düchting, Hajo,  |d 1949-2017  |4 aut  |9 170365 
245 1 0 |a Piet Mondrian  |c Hajo Düchting 
260 |a Bratislava  |b Slovart  |c c 2016 
300 |a 210 s.  |b ilustr., mapy  |c 19 x 19 cm 
500 |a Biografické údaje 
546 |a Súbežný text v češtine, gréčtine, poľštine, rumunčine a slovenčine 
600 1 7 |a Mondriaan, Piet  |q (Pieter Cornelis),  |d 1872-1944  |2 SNKMA  |9 233087 
648 7 |a 19.-20. stor.  |2 SNKPH  |9 268609 
648 7 |a 19th-20th centuries  |2 SNKPHeng  |9 282960 
650 0 7 |a maliari  |2 SNKPH  |9 3150 
650 0 7 |a výtvarné umenie  |2 SNKPH  |9 723 
650 0 7 |a abstraktné maliarstvo  |2 SNKPH  |9 93145 
650 0 7 |a neoplasticizmus  |2 SNKPH  |9 79965 
650 0 7 |a Painters  |2 SNKPHeng  |9 99679 
650 0 7 |a Fine art  |2 SNKPHeng  |9 265088 
650 0 7 |a Abstract painting  |2 SNKPHeng  |9 338647 
650 0 7 |a Neoplasticism  |2 SNKPHeng  |9 562263 
651 7 |a Holandsko  |2 SNKPHgeo  |9 17433 
651 7 |a Netherlands  |2 SNKPHeng  |9 300241 
655 7 |a biografie  |2 SNKPH  |9 27965 
655 7 |a obrazové publikácie  |2 SNKPH  |9 70343 
655 7 |a Biography  |2 SNKPHeng  |9 266314 
655 7 |a Pictorial works  |2 SNKPHeng  |9 284468 
852 |a Štátna vedecká knižnica v Banskej Bystrici 
919 |a 978-3-7419-1931-2 
958 |a BC 
999 |c 1109398  |d 1111328 
952 |a SNK  |b SNK  |y PREZ  |7 0  |p 17A1271077  |o snkSD 86530  |i snk2017/19407  |8 0  |0 0  |1 0  |4 0  |d 2017-09-06  |f 1  |l 0  |r 2026-02-24 17:56:29  |w 2026-02-24 
952 |a SNK  |b SNK  |y VYP  |7 0  |p 17A1271078  |o snkSD 86530 D1  |i snk2017/19408  |8 0  |0 0  |1 0  |4 0  |d 2017-09-06  |l 0  |r 2026-02-24 17:56:30  |w 2026-02-24